000
00316nam a2200121Ia 4500
005
20260328104249.0
008
260328s9999||||xx |||||||||||||| ||und||
100
_a
Ábalos, Iñaki
245
0
_a
Bruno Tauf :
_b
escritos expresionista /
_c
Iñaki Ábalos
260
_b
El Croquis
650
_a
ARQUITECTOS
942
_c
BK
999
_c
10177
_d
10177